| 000 | 01084nam0a2200313 4500 | ||
|---|---|---|---|
| 001 | RU\NLR\PR\ONL\13780983 | ||
| 005 | 20260412095519.0 | ||
| 035 | _a(NLR Aleph) 022777056 | ||
| 090 |
_a13655026 _c13655026 |
||
| 100 | _a20260406d1875 m y0rusy50 ca | ||
| 101 | 1 |
_alit _cger |
|
| 102 | _aRU | ||
| 105 | _ay w 000yy | ||
| 181 | 0 |
_ai _b xxe |
|
| 182 | 0 | _an | |
| 200 | 1 |
_aIszgelbējims isz didzos priegádos _f[iš vokiečių kflbos vertė J. Meškaitis ] |
|
| 203 |
_aТекст _bвизуальный _cнепосредственный |
||
| 210 |
_aTilžė _cDrukawots pas J. Reylenderi ir sunu _d[1875] |
||
| 215 |
_a10 с. _d15 |
||
| 518 | 1 | _aIšgelbėjims iš didžios priegados | |
| 541 | 1 |
_a[Спасение от великой беды] _zrus _7ca |
|
| 606 | 1 |
_aБогословие католическое _9994195 _3RU\NLR\AUTH\6658175 |
|
| 686 | 1 | _aЭ375-4 | |
| 702 | 1 |
_aMeškaitis _bJ. _f1801-1876 _gJurgis _4730 _7ba |
|
| 801 | 0 |
_aRU _bNLR |
|
| 942 | _cBOOK | ||
| 945 | _aРоссийская национальная библиотека | ||
| 980 | _aNB | ||